| 000 | 00943cam a2200157ua 4500 | ||
|---|---|---|---|
| 041 |
_aeng _h |
||
| 082 |
_a627.47 _bIND/CR |
||
| 110 | 1 |
_aIndian standards institution . _bISI _c() |
|
| 245 |
_aCriteria for design of diversion works 10084-1982 / _cIndian standards institution. _hTextual Documents |
||
| 250 |
_a1 / _b. |
||
| 260 |
_aNew Delhi : _bIndian standards institution , _c1982. |
||
| 300 | _a18 ; . | ||
| 504 | _a | ||
| 942 | _cBK | ||
| 999 |
_c11006 _d11006 |
||